00431nam a2200157Ia 450000500170000000800410001702000180005804000130007608200170008910000180010624500590012426000310018330000200021454600120023465000270024620251009115237.0231207s9999 xx 000 0 und d a9788188827077 cPK-LaNCA a781.745bKIL aKillius, Rolf 0aRitual music and Hindu rituals of KeralacRolf Killius bB. R. RhythmsaDelhic2006 aviii, 135pbill aEnglish aRituals music., Music.